Çağatay Türkçesinin ilk devresi: Harezm-Altın Ordu Türkçesi (Record no. 17161)

000 -LEADER
fixed length control field 00957nmm a2200277 a 4500
001 - CONTROL NUMBER
control field ocm0001865017
003 - CONTROL NUMBER IDENTIFIER
control field TR-IsHL
005 - DATE AND TIME OF LATEST TRANSACTION
control field 20201028172347.0
008 - FIXED-LENGTH DATA ELEMENTS--GENERAL INFORMATION
fixed length control field 180526s2016 tu tur
007 - PHYSICAL DESCRIPTION FIXED FIELD--GENERAL INFORMATION
fixed length control field cr cn
020 ## - INTERNATIONAL STANDARD BOOK NUMBER
International Standard Book Number 9786051362625
035 ## - SYSTEM CONTROL NUMBER
System control number 1865017
-- (N$T)
050 04 - LIBRARY OF CONGRESS CALL NUMBER
Classification number PL54.21
Item number .A83 2016
090 04 - LOCALLY ASSIGNED LC-TYPE CALL NUMBER (OCLC); LOCAL CALL NUMBER (RLIN)
Classification number (OCLC) (R) ; Classification number, CALL (RLIN) (NR) PL54.21
Local cutter number (OCLC) ; Book number/undivided call number, CALL (RLIN) .A83 2016
100 1# - MAIN ENTRY--PERSONAL NAME
Personal name Ata, Aysu
245 10 - TITLE STATEMENT
Title Çağatay Türkçesinin ilk devresi: Harezm-Altın Ordu Türkçesi
Medium [electronic resource] /
Statement of responsibility, etc. Aysu Ata
250 ## - EDITION STATEMENT
Edition statement İkinci basım
260 ## - PUBLICATION, DISTRIBUTION, ETC.
Place of publication, distribution, etc. Ankara :
Name of publisher, distributor, etc. Ankara Üniversitesi Yayınevi,
Date of publication, distribution, etc. 2016
300 ## - PHYSICAL DESCRIPTION
Extent 185 p.
650 #4 - SUBJECT ADDED ENTRY--TOPICAL TERM
Topical term or geographic name entry element Dil ve Edebiyat
650 #4 - SUBJECT ADDED ENTRY--TOPICAL TERM
Topical term or geographic name entry element Language and Literature
650 #0 - SUBJECT ADDED ENTRY--TOPICAL TERM
Topical term or geographic name entry element Harezmi Türkçesi
General subdivision Dilbilgisi
650 #0 - SUBJECT ADDED ENTRY--TOPICAL TERM
Topical term or geographic name entry element Khorezmian Turkic language
General subdivision Grammar
650 #7 - SUBJECT ADDED ENTRY--TOPICAL TERM
Topical term or geographic name entry element FOREIGN LANGUAGE STUDY / Turkish & Turkic Languages
Source of heading or term bisacsh
856 40 - ELECTRONIC LOCATION AND ACCESS
Uniform Resource Identifier <a href="http://search.ebscohost.com/login.aspx?direct=true&scope=site&db=e011xww&AN=1865017">http://search.ebscohost.com/login.aspx?direct=true&scope=site&db=e011xww&AN=1865017</a>
Holdings
Withdrawn status Lost status Source of classification or shelving scheme Damaged status Not for loan Collection code Permanent Location Current Location Date acquired Total Checkouts Full call number Barcode Date last seen Price effective from Koha item type
        Online   Kıbrıs Amerikan Üniversitesi Kütüphanesi / American University of Cyprus Kıbrıs Amerikan Üniversitesi Kütüphanesi / American University of Cyprus 28.10.2020   PL54.21 .A83 2016 1865017 28.10.2020 28.10.2020 E-Kitap
Devinim Yazılım Eğitim Danışmanlık tarafından Koha'nın orjinal sürümü uyarlanarak geliştirilip kurulmuştur.